000 00518nam a22001937a 4500
003 KOHA_MİRAKIL
005 20250929124510.0
008 250929b tu ||||| |||| 00| 0 tur d
020 _a9786052603109
040 _aTR-AnABB
_btur
_cTR-AnABB
041 _atur
082 _a813.42
_bISI 2021
100 1 _aIşık, Koray,
245 1 0 _aAbidin /
_cKoray Işık
260 _aİstanbul :
_bNotaBene Yayınları,
_c2021
300 _a95 sayfa ;
_c21 cm
650 0 4 _aTürk edebiyatı, roman
942 _2ddc
_cBK
999 _c8972
_d8972
900 _bGizem YORULMAZ